Κατάλογος Βιβλιοθηκών Mediterranean College

Τουριστικό Μάρκετινγκ / Στη Θεωρία και την Πράξη (Record no. 8292)

MARC details
000 -LEADER
fixed length control field 01685cam a22001934a 4500
005 - ΗΜΕΡΟΜΗΝΙΑ ΚΑΙ ΩΡΑ ΤΕΛΕΥΤΑΙΑΣ ΕΝΗΜΕΡΩΣΗΣ
Πεδίο ελέγχου 20250605163635.0
008 - FIXED-LENGTH DATA ELEMENTS--GENERAL INFORMATION
Πεδίο ελέγχου σταθερού μήκους 250528s ||||||||||||||||||||||||d
035 ## - SYSTEM CONTROL NUMBER
System control number 23263
020 ## - ISBN
ISBN 9786185062026
040 ## - ΠΗΓΗ ΚΑΤΑΛΟΓΟΓΡΑΦΗΣΗΣ
Φορέας πρωτότυπης καταλογογράφησης MC Athens Campus Library
Γλώσσα καταλογογράφησης Ελληνικά, Μοντέρνα (1453-)
Modifying agency MC Athens Campus Library
Κανόνες περιγραφικής καταλογογράφησης AACR2
245 1# - ΤΙΤΛΟΣ ΚΑΙ ΔΗΛΩΣΗ ΥΠΕΥΘΥΝΟΤΗΤΑΣ
Τίτλος Τουριστικό Μάρκετινγκ / Στη Θεωρία και την Πράξη
260 ## - PUBLICATION, DISTRIBUTION, ETC.
Name of publisher, distributor, etc. Φαίδιμος,
Date of publication, distribution, etc. 2019
300 ## - PHYSICAL DESCRIPTION
Extent 536
520 ## - SUMMARY, ETC.
Summary, etc. Πρόλογος, Εισαγωγή στο Σύγχρονο Μάρκετινγκ, Η Εφαρμογή του Μάρκετινγκ στον Τουρισμό, Ο Προγραμματισμός του Τουριστικού Μάρκετινγκ, Η Έρευνα Τουριστικού Μάρκετινγκ, Η Ανάλυση της Αγοραστικής Συμπεριφοράς του Τουρίστα, Η Τουριστική Αγορά, Το Τουριστικό Προϊόν, Η Τιμολόγηση του Τουριστικού Προϊόντος, Η Διανομή των Τουριστικών Προϊόντων, Η Προώθηση των Τουριστικών Προϊόντων, Η Διαφήμιση στον Τουρισμό, Οι Δημόσιες Σχέσεις στον Τουρισμό, Οι Προσωπικές Πωλήσεις στον Τουρισμό, Η Προώθηση Πωλήσεων στον Τουρισμό, Ο Έλεγχος του Τουριστικού Μάρκετινγκ, Επίλογος και Συμπεράσματα, Βιβλιογραφία, Ευρετήριο Συγγραφέων και Θεμάτων.
700 1# - ΠΡΟΣΘΕΤΗ ΑΝΑΓΡΑΦΗ--ΦΥΣΙΚΟ ΠΡΟΣΩΠΟ
Personal name Ηγουμενάκης Νίκος Γ
942 ## - ADDED ENTRY ELEMENTS (KOHA)
Koha item type Books
Holdings
Τύπος τεκμηρίου Βιβλιοθήκη Τρέχουσα τοποθεσία Barcode Αριθμός εισαγωγής Ημερομηνία απόκτησης Ταξιθετικό σύμβολο Αριθμός αντιτύπου Κατάσταση απόσυρσης Κατάσταση χαμένου Κατάσταση κατεστραμμένου Μη δανεισμός Σύνολο δανεισμών Ημερομηνία τελευταίας εμφάνισης Η τιμή ισχύει από
Books MC Athens Campus Library MC Athens Campus Library 9780000082916 7628 05/06/2025 338.47910688 IGO 1           05/06/2025 05/06/2025

MC Athens Campus Library
Πατησίων 94 & Κοδριγκτώνος 13, 104 34
Πελλήνης 8 & Πατησίων 107, 112 51
Τ: +30 210 8899600

MC Thessaloniki Campus Library
Ίωνος Δραγούμη 21, 54625 | Ίωνος Δραγούμη 15, 54625
Τ: +30 2310 287779 – Τ: +30 2314 440300